000
00334nam a2200133Ia 4500
008
191201s2012 xx 000 0 und d
100
_a
PANDEY, Sujata
245
0
_a
Multimedia System Technology and Communication
250
_a
2nd
260
_a
N. Delhi
_b
S.K.Kataria
_c
2012
300
_a
323
650
_a
B.Tech(ECE)
942
_2
ddc
_c
BK
999
_c
109
_d
109